000 00859nmm a2200277 a 4500
001 ocm000584496
003 TR-IsHL
005 20201028120159.0
008 130625s2006 tu tur
007 cr cn
020 _a9789944411325
035 _a584496
_b(N$T)
050 0 4 _aBF1850
_b.K67 2006
090 0 4 _aBF1850
_b.K67 2006
100 1 _aKoradan, Lilay
245 1 0 _aBütün fallar
_h[electronic resource] /
_cLilay Koradan
250 _a2. bs.
260 _aİstanbul :
_bAkis Kitap,
_c2006
300 _a144 p.
650 4 _aFelsefe, Psikoloji ve Din
650 4 _aPhilosophy, Psychology and Religion
650 0 _aFalcılık
650 0 _aFortune telling
650 7 _aBODY, MIND & SPIRIT / Divination / Fortune Telling
_2bisacsh
856 4 0 _uhttp://search.ebscohost.com/login.aspx?direct=true&scope=site&db=e011xww&AN=584496
999 _c646
_d646